[Event "Lisbon Christmas op"]
[Site "Lisbon"]
[Date "2014.12.29"]
[Round "6"]
[White "Hernamperez Manso, Jose Maria"]
[Black "Santos, Antonio Pereira"]
[Result "0-1"]
[WhiteElo "1684"]
[BlackElo "2265"]
[PlyCount "82"]
[EventDate "2014.12.26"]
[EventType "swiss"]
[EventRounds "9"]
[EventCountry "POR"]
[SourceTitle "CBM 164 Extra"]
[Source "ChessBase"]
[SourceDate "2015.03.02"]
[SourceVersion "1"]
[SourceVersionDate "2015.03.02"]
[SourceQuality "1"]

1. e4 c5 2. b3 Nf6 3. Nc3 Nc6 4. Bb5 Nd4 5. Bc4 e6 6. e5 d5 7. exf6 dxc4 8. fxg7 Bxg7 9. Bb2 Qg5 10. g3 Qg6 11. Rc1 cxb3 12. axb3 b6 13. h4 Bb7 14. Rh2 h5 15. Na4 0-0-0 16. Bxd4 Rxd4 17. d3 Rhd8 18. Kf1 R8d5 19. Nc3 Rxd3 20. cxd3 Rxd3 21. Qe1 Qg4 22. Nge2 Qf3 23. Nb1 Ba6 24. Nd2 Qd5 25. Nc4 Rxb3 26. Ne3 Qf3 27. Qd2 Rb2 28. Nc2 Bd3 29. Ke1 Bh6 30. Nf4 Bxf4 31. gxf4 Qe4+ 32. Kd1 c4 33. Rh3 Qg2 34. Rxd3 Qf1+ 35. Qe1 Qxd3+ 36. Qd2 Qf3+ 37. Qe2 Qd5+ 38. Ke1 Qh1+ 39. Kd2 Qd5+ 40. Ke1 b5 41. Qxh5 Qxh5 0-1

[Event "Lisbon Christmas op"]
[Site "Lisbon"]
[Date "2014.12.27"]
[Round "3"]
[White "Soares, Joao Diogo Pedreiro"]
[Black "Hernamperez Manso, Jose Maria"]
[Result "0-1"]
[WhiteElo "1483"]
[BlackElo "1684"]
[PlyCount "118"]
[EventDate "2014.12.26"]
[EventType "swiss"]
[EventRounds "9"]
[EventCountry "POR"]
[SourceTitle "EXT 2018"]
[Source "ChessBase"]
[SourceDate "2017.10.13"]
[SourceVersion "1"]
[SourceVersionDate "2017.10.13"]
[SourceQuality "1"]

1. e4 d5 2. exd5 Nf6 3. c4 e6 4. dxe6 Bxe6 5. d4 Qe7 6. Be2 Bxc4 7. Qa4+ b5 8. Qd1 Nc6 9. Nc3 0-0-0 10. Nf3 b4 11. 0-0 Bxe2 12. Nxe2 Nd5 13. Re1 Qf6 14. Bg5 Qg6 15. Bxd8 Nxd8 16. Rc1 Ne6 17. Qc2 Qxc2 18. Rxc2 Bd6 19. Rec1 Kb7 20. Ne5 Rf8 21. Nd7 Re8 22. Nc5+ Kb6 23. Nxe6 Rxe6 24. Ng3 Nf4 25. a3 a5 26. axb4 axb4 27. Kf1 g6 28. f3 f5 29. Ne2 Nd5 30. Kf2 Kb5 31. b3 h5 32. Rc6 Bg3+ 33. Kxg3 Rxc6 34. Rxc6 Kxc6 35. Kh4 Ne3 36. Nf4 Nc2 37. Nd3 Kd5 38. Nc1 Kxd4 39. Na2 c5 40. Kg5 Na1 41. Kxg6 Nxb3 42. Kxh5 Nd2 43. Nc1 b3 44. Nxb3+ Nxb3 45. Kg6 c4 46. h4 c3 47. h5 c2 48. h6 c1Q 49. h7 Qc8 50. Kg7 Qd7+ 51. Kg8 Qe8+ 52. Kg7 Qe7+ 53. Kg8 Qg5+ 54. Kf7 Qh4 55. Kg8 Qg3+ 56. Kf7 Qh2 57. Kg8 Qxg2+ 58. Kf7 Qh2 59. Kg7 Ke3 0-1

[Event "Huarte Puente Foral op 8th"]
[Site "Huarte"]
[Date "2013.12.06"]
[Round "4"]
[White "Aristu Garde, Uxue"]
[Black "Hernamperez Manso, Jose Maria"]
[Result "0-1"]
[WhiteElo "1470"]
[BlackElo "1720"]
[PlyCount "42"]
[EventDate "2013.12.03"]
[EventType "swiss"]
[EventRounds "7"]
[EventCountry "ESP"]
[SourceTitle "EXT 2016"]
[Source "ChessBase"]
[SourceDate "2015.10.08"]
[SourceVersion "1"]
[SourceVersionDate "2015.10.08"]
[SourceQuality "1"]

1. e4 d5 2. exd5 Nf6 3. Bc4 Nxd5 4. d3 e5 5. Qe2 Nc6 6. Nf3 Bg4 7. Qe4 Nf6 8. Qe3 Bxf3 9. Qxf3 a5 10. Bb5 Qd6 11. Nc3 0-0-0 12. Bg5 Nd4 13. Qd1 Qb4 14. Bc4 Qxb2 15. Na4 Nxc2+ 16. Kd2 Ne4+ 17. Ke2 Nd4+ 18. Ke3 Qxf2+ 19. Kxe4 f5+ 20. Kxe5 Bd6+ 21. Kd5 c6# 0-1